| 000 | 00771nam a22002412a 4500 | ||
|---|---|---|---|
| 001 | 77479 | ||
| 003 | BD-RjUL | ||
| 005 | 20211209082957.0 | ||
| 008 | 140222r19791962ii a 000 0 eng d | ||
| 035 | _a(BD-RjUL)77704 | ||
| 040 |
_aDLC _cDLC _dUKM _dBD-RjUL _beng |
||
| 041 | _aeng | ||
| 082 |
_a822.33 _bLUU 1979 |
||
| 100 | 1 |
_aLudowyk, E. F. C. _q(Evelyn Frederick Charles), _d1906-1985 _957546 |
|
| 245 | 1 | 0 |
_aUnderstanding Shakespeare / _c E. F. C.Ludowyk. |
| 250 | _aCUP-Vikas Students ed. | ||
| 260 |
_aNew Delhi : _bVikak publishing House pvt ltd., _cc1962, 1979 |
||
| 300 |
_a266 p. : _billus. ; _c23 cm. |
||
| 600 | 1 | 0 |
_aShakespeare, William, _d1564-1616 _xCriticism and interpretation. _9241621 |
| 942 |
_2ddc _cBK |
||
| 999 |
_c77479 _d77479 |
||